000 00674nam a2200181Ia 4500
008 151018s9999 xx 000 0 und d
082 _bRBASDV32552
_a110
100 _aस्वामी दत्तावधूत
245 _aईश्वर पाप्तीचे चार माग
250 _b1
260 _bवनिता बुक्स
300 _a16
600 _aस्वामी दत्तावधूत
630 _aईश्वर पाप्तीचे चार माग
700 _aस्वामी दत्तावधूत
730 _aईश्वर पाप्तीचे चार माग
942 _cBOOK
999 _c1032077
_d1032074